آمریت نام / (Record no. 108623)

MARC details
000 -LEADER
fixed length control field 00761nam a22002537a 4500
005 - DATE AND TIME OF LATEST TRANSACTION
control field 20170123162342.0
010 ## - LIBRARY OF CONGRESS CONTROL NUMBER
LC control number A-842617
020 ## - INTERNATIONAL STANDARD BOOK NUMBER
Terms of availability 00.00
035 ## - SYSTEM CONTROL NUMBER
System control number A-842617
037 ## - SOURCE OF ACQUISITION
Source of stock number/acquisition Cen Lib/Ret
040 ## - CATALOGING SOURCE
Original cataloging agency DPL
Language of cataloging UR
082 ## - DEWEY DECIMAL CLASSIFICATION NUMBER
Classification number 239.1
Item number ج و ش
100 ## - MAIN ENTRY--PERSONAL NAME
Personal name جوشی، مہیندرا سنگھ
9 (RLIN) 107774
245 ## - TITLE STATEMENT
Title آمریت نام /
Statement of responsibility, etc مہیندرا سنگھ جوشی
246 ## - VARYING FORM OF TITLE
Title proper/short title Amrit naam /
Remainder of title by Mahendra Singh Joshi
260 ## - PUBLICATION, DISTRIBUTION, ETC. (IMPRINT)
Place of publication, distribution, etc بیاس
Name of publisher, distributor, etc رادھا سوامی ست سنگ
Date of publication, distribution, etc 1996
270 ## - ADDRESS
City بیاس
300 ## - PHYSICAL DESCRIPTION
Extent 360p.
Dimensions 21cm(Hb)
650 ## - SUBJECT ADDED ENTRY--TOPICAL TERM
Topical term or geographic name as entry element ہندو مذہب
9 (RLIN) 127887
650 ## - SUBJECT ADDED ENTRY--TOPICAL TERM
Topical term or geographic name as entry element آمریت
9 (RLIN) 127888
650 ## - SUBJECT ADDED ENTRY--TOPICAL TERM
Topical term or geographic name as entry element Hinduism
9 (RLIN) 127889
650 ## - SUBJECT ADDED ENTRY--TOPICAL TERM
Topical term or geographic name as entry element Amrit
9 (RLIN) 127890
942 ## - ADDED ENTRY ELEMENTS (KOHA)
Source of classification or shelving scheme Dewey Decimal Classification
Koha item type Urdu Bks
Classification part 239.1
Call number suffix ج و ش
Holdings
Withdrawn status Lost status Damaged status Not for loan Home library Current library Date acquired Source of acquisition Cost, normal purchase price Total Checkouts Full call number Barcode Date last seen Copy number Cost, replacement price Price effective from Koha item type
        Central Library Central Library 25/01/2016 Cen Lib/Ret 0.00   239.1 ج و ش A-842617 25/01/2016 1 0.00 25/01/2016 Urdu Bks

© Delhi Public Library
Hit Counter
free hit counter